000 00700nam a2200265Ia 4500
005 20260121165033.0
008 008 260114s9999 xx 000 0 eng d
020 _a9781137531902
037 _aEBOOK
040 _aCRL
040 _beng
040 _cCRL
041 _2eng
041 _aeng
084 _qCRL
100 _aAlexandru Panican, Håkan Johansson, Håkan Johansson, Alexandru Panican
_91046748
245 0 _aCombating Poverty in Local Welfare Systems
260 _bSpringer
260 _bSpringer
260 _c2016
856 _uhttps://link.springer.com/openurl?genre=book&isbn=978-1-137-53190-2
942 _cEBOOK
999 _c1612473
_d1612473